Statistics for Countries Producing the Most Lamb (2012)

Click here to take the quiz!

General Stats

  • This quiz has been taken 279 times
  • The average score is 13 of 20

Answer Stats

Tonnes x 1000Country% Correct
2080China
96%
607Australia
91%
296India
91%
447New Zealand
89%
173Russia
87%
117France
79%
130Iran
77%
164Pakistan
77%
122Spain
77%
249Turkey
77%
134South Africa
63%
127Kazakhstan
53%
262Algeria
52%
112Afghanistan
51%
115Uzbekistan
51%
148Morocco
47%
183Syria
44%
133Turkmenistan
44%
170Nigeria
39%
285United Kingdom
31%

Score Distribution

Percentile by Number Answered

Percent of People with Each Score

Your Score History

You have not taken this quiz